Химический дизайн. Рефлексия метахимии дизайна в естественных науках. (Препаративная и физическая химия)

Detalles Bibliográficos
Autor Corporativo: Международная академия наук (МАН) Центр ноосферной защиты им. Н. Д. Зелинского (ЦНЗ)
Summary:К 50-летию научного труда проф. Кутолина С. А. (1962-2012).
Сборник поссвящен рассмотрению проблем химического дизайна в задачах естествознания (препаративная и физическая химия), представленных в форме синэргетики инноваций в том числе и на примере методов нанотехнологии ультра дисперсных сред (УДС). Представленные избранные работы Действительного члена IAS of NCD, проф. Кутолина С.А. касаются препаративного синтеза химических реактивов, их пленочного использования для целей электроники. Представлены, полученные автором кинетические закономерности, в том числе и механизм синтеза не только химических явлений в смеси твердых веществ, но и цепных процессов.
Idioma:ruso
Publicado: Новосибирск, Chem.Lab.NCD, 2012
Subjects:
Formato: Libro
KOHA link:https://koha.lib.tpu.ru/cgi-bin/koha/opac-detail.pl?biblionumber=212068

MARC

LEADER 00000nam0a2200000 4500
001 212068
005 20231101225728.0
010 |a 0824724976 
035 |a (RuTPU)RU\TPU\book\231694 
035 |a RU\TPU\book\189517 
090 |a 212068 
100 |a 20120322d2012 k y0rusy50 ca 
101 0 |a rus 
102 |a RU 
105 |a y z 010zy 
200 1 |a Химический дизайн. Рефлексия метахимии дизайна в естественных науках. (Препаративная и физическая химия)  |f Международная академия наук (МАН), Центр ноосферной защиты им. Н. Д. Зелинского (ЦНЗ) 
210 |a Новосибирск  |c Chem.Lab.NCD  |d 2012 
215 |a 132 с. 
300 |a К 50-летию научного труда проф. Кутолина С. А. (1962-2012). 
330 |a Сборник поссвящен рассмотрению проблем химического дизайна в задачах естествознания (препаративная и физическая химия), представленных в форме синэргетики инноваций в том числе и на примере методов нанотехнологии ультра дисперсных сред (УДС). Представленные избранные работы Действительного члена IAS of NCD, проф. Кутолина С.А. касаются препаративного синтеза химических реактивов, их пленочного использования для целей электроники. Представлены, полученные автором кинетические закономерности, в том числе и механизм синтеза не только химических явлений в смеси твердых веществ, но и цепных процессов. 
600 1 |a Кутолин  |b С. А.  |c доктор химических наук, профессор  |f 1940-  |g Сергей Алексеевич  |2 stltpush  |3 (RuTPU)RU\TPU\pers\29408  |9 13976 
606 1 |a Химический дизайн  |2 stltpush  |3 (RuTPU)RU\TPU\subj\27944  |9 51585 
610 1 |a синергетика 
610 1 |a сравнительный расчет 
610 1 |a инновации 
610 1 |a нанотехнология 
610 1 |a химические реактивы 
610 1 |a синтез 
610 1 |a химические процессы 
610 1 |a направленность 
610 1 |a цепные процессы 
610 1 |a катализ 
675 |a 54  |v 3 
712 0 2 |a Международная академия наук (МАН)  |b Центр ноосферной защиты им. Н. Д. Зелинского (ЦНЗ)  |c (Москва)  |2 stltpush  |3 (RuTPU)RU\TPU\col\399 
801 1 |a RU  |b 63413507  |c 20100204 
801 2 |a RU  |b 63413507  |c 20140628  |g RCR 
942 |c BK